- Investigación del medio (Método de enseñanza)
Entrada Tema o Materia
Número de registros utilizados en: 2
001 - NUMERO DE CONTROL
- Campo de control: 7003
003 - IDENTIFICADOR DEL NUMERO DE CONTROL
- Campo de control: SpMaBN
005 - HORA Y FECHA DE LA ULTIMA TRANSACCIÓN
- Campo de control: 20220628174704.0
008 - CAMPO DE LONGITUD FIJA
- Campo fijo de descripción fija: 010507 n anznnbabn |a ana
016 ## -
- : BNE20011181708
024 7# -
- : http://id.loc.gov/authorities/subjects/sh85090295
- : lcsh
024 7# -
- : http://catalogue.bnf.fr/ark:/12148/cb119312995
- : rameau
024 7# -
- : http://data.bnf.fr/ark:/12148/cb119312995
- : rameau
024 7# -
- : http://lemac.sgcb.mcu.es/Autoridades/LEMAC201223826/concept
- : lemac
040 ## -
- : SpMaBN
- : spa
- : SpMaBN
- : rdc
- : embne
042 ## -
- : 200105071215PCMPBC BNEP 00
080 ## -
- : 37.015.31:57.081.1
- : 2015
150 ## - ENCABEZAMIENTO DE MATERIA-TEMA
- Téma o Materia: Investigación del medio (Método de enseñanza)
450 ## - REFERENCIA DE ENVIO “VEASE” - MATERIA
- Encabezamiento temático : Estudio del medio (Método de enseñanza)
550 ## - REFERENCIA DE ENVIO "VEASE ADEMAS" - MATERIA
- Subcampo de control: g
- Encabezamiento temático o nombre geográfico como elemento de entrada: Enseñanza activa
550 ## - REFERENCIA DE ENVIO "VEASE ADEMAS" - MATERIA
- Encabezamiento temático o nombre geográfico como elemento de entrada: Investigación (Método de enseñanza)
550 ## - REFERENCIA DE ENVIO "VEASE ADEMAS" - MATERIA
- Encabezamiento temático o nombre geográfico como elemento de entrada: Trabajo de campo (Método de enseñanza)
550 ## - REFERENCIA DE ENVIO "VEASE ADEMAS" - MATERIA
- Encabezamiento temático o nombre geográfico como elemento de entrada: Viajes de estudio
550 ## - REFERENCIA DE ENVIO "VEASE ADEMAS" - MATERIA
- Encabezamiento temático o nombre geográfico como elemento de entrada: Excursiones escolares
670 ## - FUENTE EN LA QUE SE LOCALIZARON DATOS
- Cita de la fuente : LCSH
- Información localizada : (Nature study)
670 ## - FUENTE EN LA QUE SE LOCALIZARON DATOS
- Cita de la fuente : RAMEAU
- Información localizada : (Nature-Étude et enseignement)
670 ## - FUENTE EN LA QUE SE LOCALIZARON DATOS
- Cita de la fuente : TCE
- Información localizada : (Estudi del medi)
750 #7 - ASIENTO LIGADO AL ENCABEZAMIENTO - TEMATICO
- Encabezamiento temático : Nature-Étude et enseignement
- Source of heading or term: rameau
750 #7 - ASIENTO LIGADO AL ENCABEZAMIENTO - TEMATICO
- Encabezamiento temático : Nature study
- Source of heading or term: lcsh
750 #7 - ASIENTO LIGADO AL ENCABEZAMIENTO - TEMATICO
- Encabezamiento temático : Natura, Estudi de la
- Source of heading or term: lemac
961 ## -
- : Investigación del medio (Método de enseñanza)
